| 000 | 00680nam a22002297a 4500 | ||
|---|---|---|---|
| 001 | 19556 | ||
| 003 | BD-RjUL | ||
| 005 | 20211209000440.0 | ||
| 008 | 140225r19421939xxua 001 0 eng d | ||
| 035 | _a(BD-RjUL)19616 | ||
| 040 |
_aBD-RjUL _beng _cBD-RjUL |
||
| 041 | _aeng | ||
| 082 |
_a808.042 _bCOD 1942 |
||
| 100 | 1 |
_aCook, Luella B _954081 |
|
| 245 | 1 | 0 |
_aDeveloping language power / _cLuella B Cook |
| 260 |
_aNew York : _bHarcourt, Brace, _cc1939 [Reprinted 1942]. |
||
| 300 |
_axvi, 413 p. : _bill. ; _c20 cm. |
||
| 490 | 1 |
_aGrowth in using English _v 5 |
|
| 504 | _aIncludes index. | ||
| 650 | 0 | 4 |
_aEnglish language _vComposition and exercises. _960073 |
| 942 |
_2ddc _cBK |
||
| 999 |
_c19556 _d19556 |
||